000 00629cam a22002291 4500
001 sa 65006458
003 DLC
005 20260227112142.0
008 890719s1964 ii ac 000 0 hino
010 _asa 65006458
035 _a(OCoLC)20036797
040 _aDLC
_cWaU
_dDLC
042 _apremarc
050 0 0 _aPK2098.V3
_bZ59
110 2 _aBhārtī Parishada,
_cAllahabad.
245 1 0 _aMahādevī Varmā abhinandana grantha.
260 _c[1964]
300 _a290, 105, 114, 321 p.
_bill., ports.
_c25 cm.
500 _aIn Hindi.
600 1 0 _aVarmā, Mahādevī,
_d1907-1987.
700 1 _aŚāstrī, Devadatta,
_d1914-
999 _c64656
_d64656